000 00508nmm a2200193Ia 4500
008 251105s9999||||xx |||||||||||||||||und||
020 _a9788415410799
041 _aspa
100 _aBanks, Maya
245 0 _aÉxtasis
264 _a[Madrid, España] :
_bTerciopelo,
_c2013
300 _a420 páginas
490 _aTrilogía Sin aliento
650 _aErotic novel
700 _aBanks, Maya
700 1 _a Priego, Yuliss M.
856 _uhttps://public.digitaliapublishing.com/a/31525
942 _cCF
999 _c62453
_d62453